[Event "CRO-chT (Women) 24th"]
[Site "Bol"]
[Date "2015.10.05"]
[Round "4.44"]
[White "Cvitan, Ena"]
[Black "Krmpotic, Klara"]
[Result "1-0"]
[WhiteElo "2007"]
[BlackElo "1566"]
[PlyCount "65"]
[EventDate "2015.10.03"]
[EventType "team-tourn"]
[EventRounds "9"]
[EventCountry "CRO"]
[SourceTitle "CBM 168 Extra"]
[Source "ChessBase"]
[SourceDate "2015.10.29"]
[SourceVersion "1"]
[SourceVersionDate "2015.10.29"]
[SourceQuality "1"]
[WhiteTeam "Rijeka Liburija (W)"]
[BlackTeam "Sisak (W)"]
[WhiteTeamCountry "CRO"]
[BlackTeamCountry "CRO"]

1. d4 Nf6 2. c4 g6 3. Nc3 d5 4. cxd5 Nxd5 5. e4 Nxc3 6. bxc3 Bg7 7. Bc4 0-0 8. Ne2 c5 9. Be3 Nc6 10. 0-0 cxd4 11. cxd4 Na5 12. Bd3 Bg4 13. f3 Be6 14. d5 Bxa1 15. Qxa1 f6 16. Rd1 Bf7 17. h4 h5 18. Bd4 Be8 19. Nf4 Qd6 20. e5 fxe5 21. Bxe5 Qb6+ 22. Kh1 Qf2 23. Bh8 Qxh4+ 24. Kg1 Rf6 25. Bxf6 exf6 26. Nxg6 Bxg6 27. Bxg6 Qg5 28. Be4 Qe3+ 29. Kh1 Qf4 30. Qc3 b6 31. d6 Rd8 32. Qc7 Rf8 33. Qh7# 1-0

[Event "Topusko op 4th"]
[Site "Topusko"]
[Date "2015.08.06"]
[Round "7"]
[White "Krmpotic, Klara"]
[Black "Mudrinic, Nenad"]
[Result "1/2-1/2"]
[WhiteElo "1561"]
[BlackElo "1745"]
[PlyCount "93"]
[EventDate "2015.08.01"]
[EventType "swiss"]
[EventRounds "9"]
[EventCountry "CRO"]
[SourceTitle "CBM 167 Extra"]
[Source "ChessBase"]
[SourceDate "2015.09.14"]
[SourceVersion "1"]
[SourceVersionDate "2015.09.14"]
[SourceQuality "1"]

1. d4 Nf6 2. c4 g6 3. Nc3 Bg7 4. e4 d6 5. Nf3 0-0 6. Be2 e5 7. dxe5 dxe5 8. Qxd8 Rxd8 9. Bg5 c6 10. 0-0 Bg4 11. h3 Bxf3 12. Bxf3 Na6 13. a3 Nc5 14. Rad1 Ne6 15. Be3 Nd4 16. Be2 Nxe2+ 17. Nxe2 Nxe4 18. f3 Nd6 19. b3 Nf5 20. Bf2 Nd4 21. Nc1 c5 22. a4 b6 23. Bg3 Nf5 24. Bf2 Rxd1 25. Rxd1 Nd4 26. Bg3 Rd8 27. Kf1 f6 28. Bf2 Kf7 29. Be3 Ke7 30. Bxd4 Rxd4 31. Rxd4 exd4 32. Nd3 Bh6 33. Ke2 Ke6 34. g3 Kf5 35. Kf2 g5 36. Kg2 Bf8 37. g4+ Ke6 38. Kf2 Bd6 39. Kg2 f5 40. Kf2 fxg4 41. fxg4 a6 42. Kf3 b5 43. axb5 axb5 44. Ke4 bxc4 45. bxc4 Kd7 46. Nc1 Kc7 47. Nb3 1/2-1/2

[Event "CRO-ch U17 Girls"]
[Site "Krapinske Toplice"]
[Date "2015.07.26"]
[Round "2"]
[White "Krmpotic, Klara"]
[Black "Kupek, Lorena"]
[Result "1-0"]
[WhiteElo "1561"]
[BlackElo "1371"]
[PlyCount "107"]
[EventDate "2015.07.25"]
[EventType "swiss"]
[EventRounds "9"]
[EventCountry "CRO"]
[SourceTitle "CBM 167 Extra"]
[Source "ChessBase"]
[SourceDate "2015.09.14"]
[SourceVersion "1"]
[SourceVersionDate "2015.09.14"]
[SourceQuality "1"]

1. d4 Nf6 2. c4 g6 3. Nc3 Bg7 4. e4 d6 5. Nf3 0-0 6. Be2 e5 7. dxe5 dxe5 8. Qxd8 Rxd8 9. Bg5 Re8 10. 0-0-0 a6 11. Nd5 Nxd5 12. Rxd5 Nc6 13. Kb1 h6 14. Be3 Be6 15. Rd2 Rad8 16. Rhd1 g5 17. b3 Rxd2 18. Rxd2 g4 19. Ne1 Nd4 20. Nc2 Rd8 21. Nxd4 exd4 22. Bf4 Rd7 23. Bd3 Kf8 24. f3 h5 25. Rd1 c5 26. Bg3 Bf6 27. f4 h4 28. Be1 Re7 29. e5 Bg7 30. Bxh4 Re8 31. Be1 Bd7 32. Bd2 b5 33. cxb5 axb5 34. Rc1 Rc8 35. Rxc5 Rb8 36. Bb4 Kg8 37. Rd5 Bc6 38. Rxd4 Bxg2 39. Bf5 Bf3 40. Be7 Bh6 41. Bf6 Re8 42. Kc2 Bf8 43. b4 Ra8 44. Kb2 Bh6 45. a3 Re8 46. Kb3 Bg7 47. Rd8 Rxd8 48. Bxd8 Bh6 49. Bg5 Bf8 50. Kc3 Kg7 51. Kd2 Kg8 52. Bd7 Kh7 53. Bxb5 Kg8 54. Be2 1-0

[Event "CRO-ch U17 Girls"]
[Site "Krapinske Toplice"]
[Date "2015.07.26"]
[Round "3"]
[White "Sarcevic, Nikolina"]
[Black "Krmpotic, Klara"]
[Result "0-1"]
[WhiteElo "1571"]
[BlackElo "1561"]
[PlyCount "102"]
[EventDate "2015.07.25"]
[EventType "swiss"]
[EventRounds "9"]
[EventCountry "CRO"]
[SourceTitle "CBM 167 Extra"]
[Source "ChessBase"]
[SourceDate "2015.09.14"]
[SourceVersion "1"]
[SourceVersionDate "2015.09.14"]
[SourceQuality "1"]

1. e4 d5 2. exd5 Qxd5 3. Nf3 Bg4 4. Be2 Nf6 5. Nc3 Qa5 6. h3 Bxf3 7. Bxf3 c6 8. 0-0 e6 9. a3 Be7 10. b4 Qc7 11. d4 0-0 12. Ne2 Nbd7 13. Re1 Nb6 14. Qd3 Rad8 15. Bf4 Bd6 16. c4 Bxf4 17. Nxf4 Qxf4 18. c5 Nbd5 19. Re2 Qc7 20. g3 Rfe8 21. Rae1 Rd7 22. Bxd5 Rxd5 23. Re5 Red8 24. Rxd5 Rxd5 25. f4 Qd8 26. Rd1 b6 27. a4 bxc5 28. bxc5 Nd7 29. Kh2 Nxc5 30. Qc4 h6 31. g4 Qb8 32. Kg3 Qb3+ 33. Qxb3 Nxb3 34. Rb1 Nxd4 35. Rb8+ Kh7 36. Rf8 f6 37. Rf7 a5 38. h4 Ne2+ 39. Kf3 Nc3 40. Re7 e5 41. f5 Rd3+ 42. Kg2 Ne4 43. g5 hxg5 44. hxg5 Nxg5 45. Rc7 Rc3 46. Kf2 Ne4+ 47. Ke2 c5 48. Ra7 Ra3 49. Rxa5 Rxa4 50. Rxa4 Nc3+ 51. Kd3 Nxa4 0-1

[Event "CRO-ch U17 Girls"]
[Site "Krapinske Toplice"]
[Date "2015.07.25"]
[Round "1"]
[White "Golub, Nikolina"]
[Black "Krmpotic, Klara"]
[Result "1-0"]
[WhiteElo "1820"]
[BlackElo "1561"]
[PlyCount "103"]
[EventDate "2015.07.25"]
[EventType "swiss"]
[EventRounds "9"]
[EventCountry "CRO"]
[SourceTitle "CBM 167 Extra"]
[Source "ChessBase"]
[SourceDate "2015.09.14"]
[SourceVersion "1"]
[SourceVersionDate "2015.09.14"]
[SourceQuality "1"]

1. e4 d5 2. exd5 Qxd5 3. Nc3 Qa5 4. d4 Nf6 5. Nf3 Bg4 6. h3 Bh5 7. Be2 c6 8. 0-0 e6 9. Ne5 Bxe2 10. Qxe2 Be7 11. Re1 0-0 12. a3 Nd5 13. Ne4 Qd8 14. c4 Nf6 15. Nxf7 Qxd4 16. Neg5 Qd7 17. Ne5 Qc8 18. Nef3 e5 19. Qxe5 Re8 20. Qe6+ Qxe6 21. Nxe6 Na6 22. Bf4 Rac8 23. b4 Bd8 24. Rad1 b5 25. c5 Bc7 26. Nxc7 Nxc7 27. Rxe8+ Ncxe8 28. Ne5 Nd5 29. Bg3 Nef6 30. Bh4 h6 31. Bxf6 Nxf6 32. Rd6 Ne4 33. Rxc6 Rd8 34. Rc7 Rd1+ 35. Kh2 Nxf2 36. Rxa7 Rh1+ 37. Kg3 Ne4+ 38. Kf4 Re1 39. Ng6 Kh7 40. Re7 Kxg6 41. Rxe4 Rf1+ 42. Ke5 Ra1 43. Re3 Ra2 44. Rg3+ Kf7 45. Kd6 h5 46. h4 Rd2+ 47. Kc6 Rd4 48. Rh3 Rd2 49. Kxb5 Rxg2 50. c6 Rc2 51. Kb6 Ke7 52. Rd3 1-0

[Event "Topusko op 3rd"]
[Site "Topusko"]
[Date "2014.08.09"]
[Round "2"]
[White "Lo Nigro, Angelo"]
[Black "Krmpotic, Klara"]
[Result "1-0"]
[WhiteElo "1852"]
[BlackElo "1502"]
[PlyCount "129"]
[EventDate "2014.08.08"]
[EventType "swiss"]
[EventRounds "9"]
[EventCountry "CRO"]
[SourceTitle "CBM 162 Extra"]
[Source "ChessBase"]
[SourceDate "2014.10.17"]
[SourceVersion "1"]
[SourceVersionDate "2014.10.17"]
[SourceQuality "1"]

1. d4 Nf6 2. c4 g6 3. Nc3 d5 4. cxd5 Nxd5 5. e4 Nxc3 6. bxc3 Bg7 7. Bc4 c5 8. Ne2 Nc6 9. Be3 Na5 10. Qa4+ Bd7 11. Bb5 Nc6 12. d5 Ne5 13. f4 a6 14. Bxd7+ Nxd7 15. Bxc5 0-0 16. Bd4 Nf6 17. 0-0 Qc7 18. Be5 Qc5+ 19. Bd4 Qc7 20. Be5 Qc5+ 21. Kh1 Rfc8 22. Bd4 Qc4 23. Qxc4 Rxc4 24. Ng3 Rac8 25. Rab1 b5 26. Rfe1 Ra4 27. Re2 Rcc4 28. h3 b4 29. Bxf6 Bxf6 30. cxb4 Rcxb4 31. Rxb4 Rxb4 32. e5 Bg7 33. Ne4 Rb5 34. d6 exd6 35. Nxd6 Rc5 36. Rb2 Rc7 37. Rb8+ Bf8 38. Ne8 Rc1+ 39. Kh2 Rc4 40. Nf6+ Kg7 41. Kg3 h6 42. Rb2 Ra4 43. Kf3 Be7 44. Nd5 Bf8 45. Nc3 Ra3 46. Rb3 Ra5 47. Ke4 Be7 48. g4 Rc5 49. Nd5 Bf8 50. f5 g5 51. Nf6 Ra5 52. Rb2 Be7 53. Nh5+ Kg8 54. Rb8+ Bf8 55. e6 fxe6 56. fxe6 Rb5 57. Rxb5 axb5 58. Nf6+ Kg7 59. Nd5 Bd6 60. Ne3 Kf6 61. Kd5 Bf8 62. Nf5 b4 63. e7 Bxe7 64. Nxe7 Kxe7 65. Kc5 1-0

[Event "Valpovo op (Women)"]
[Site "Valpovo"]
[Date "2013.12.08"]
[Round "6"]
[White "Krmpotic, Klara"]
[Black "Smetisko, Marija"]
[Result "1-0"]
[WhiteElo "1507"]
[BlackElo "1687"]
[PlyCount "117"]
[EventDate "2013.12.06"]
[EventType "swiss"]
[EventRounds "7"]
[EventCountry "CRO"]
[SourceTitle "CBM 157 Extra"]
[Source "ChessBase"]
[SourceDate "2013.12.19"]
[SourceVersion "1"]
[SourceVersionDate "2013.12.19"]
[SourceQuality "1"]

1. d4 d5 2. c4 e6 3. Nc3 Nf6 4. cxd5 exd5 5. Bg5 Nbd7 6. e3 c6 7. Bd3 Be7 8. Nge2 0-0 9. 0-0 Re8 10. Rb1 Qc7 11. Ng3 Bd6 12. Bxf6 Nxf6 13. Qc2 h5 14. Rfc1 a6 15. b4 h4 16. Nf1 Be6 17. a4 Qe7 18. b5 axb5 19. axb5 Bd7 20. bxc6 bxc6 21. Bf5 Ba3 22. Rd1 Ne4 23. Bxd7 Qxd7 24. Nxe4 Rxe4 25. Ra1 Ree8 26. Rdb1 Be7 27. Nd2 Rxa1 28. Rxa1 Bd6 29. Nf3 Be7 30. Ne5 Qe6 31. Qxc6 Qxc6 32. Nxc6 Kf8 33. Nxe7 Kxe7 34. Kf1 Rc8 35. Ke2 Kf6 36. Kd3 g5 37. f3 Re8 38. Ra6+ Kf5 39. g4+ hxg3 40. hxg3 f6 41. Rd6 Re7 42. Rxd5+ Kg6 43. Rc5 Ra7 44. e4 Ra3+ 45. Rc3 Ra1 46. g4 Rf1 47. Ke2 Rh1 48. d5 Rh8 49. d6 Rd8 50. Rd3 Kf7 51. Ke3 Ke6 52. f4 Rxd6 53. Rxd6+ Kxd6 54. e5+ Ke6 55. fxg5 Kxe5 56. g6 Ke6 57. Ke4 f5+ 58. gxf5+ Kf6 59. Kf4 1-0

[Event "Valpovo op (Women)"]
[Site "Valpovo"]
[Date "2013.12.07"]
[Round "5"]
[White "Krmpotic, Klara"]
[Black "Petricevic, Ivana Antoaneta"]
[Result "1/2-1/2"]
[WhiteElo "1507"]
[BlackElo "1660"]
[PlyCount "120"]
[EventDate "2013.12.06"]
[EventType "swiss"]
[EventRounds "7"]
[EventCountry "CRO"]
[SourceTitle "CBM 157 Extra"]
[Source "ChessBase"]
[SourceDate "2013.12.19"]
[SourceVersion "1"]
[SourceVersionDate "2013.12.19"]
[SourceQuality "1"]

1. d4 Nf6 2. c4 e6 3. Nc3 Bb4 4. Qc2 0-0 5. a3 Bxc3+ 6. Qxc3 d5 7. Bg5 Nbd7 8. cxd5 exd5 9. e3 Re8 10. Bd3 c6 11. Ne2 Qc7 12. Bf4 Qd8 13. 0-0 Nf8 14. b4 Ng6 15. b5 Bd7 16. bxc6 bxc6 17. Rab1 Ne4 18. Qc2 Qe7 19. Rb7 Nxf4 20. Nxf4 Qd6 21. a4 Nf6 22. Bf5 Bxf5 23. Qxf5 Reb8 24. Rfb1 Rxb7 25. Rxb7 Qa3 26. Qb1 h6 27. Rb4 Ne4 28. h3 Nd2 29. Qb2 Qxb2 30. Rxb2 Nc4 31. Rb4 Kf8 32. Kf1 g5 33. Nh5 f5 34. Ke2 Ke7 35. Kd3 Kd6 36. Ng7 Rf8 37. Rb7 a5 38. Nh5 Rd8 39. Ng3 Rf8 40. Ne2 Rf6 41. Nc3 Rf8 42. Kc2 Rf6 43. Kd3 Rf8 44. Kc2 Rf6 45. Nd1 f4 46. Kd3 Rf8 47. Nb2 Nxb2+ 48. Rxb2 Kc7 49. e4 dxe4+ 50. Kxe4 Re8+ 51. Kd3 Rd8 52. Ke4 Re8+ 53. Kd3 Rd8 54. Kc4 Rd7 55. Kc5 Rd5+ 56. Kc4 Rd7 57. Rd2 Kb6 58. Rb2+ Kc7 59. Rd2 Kb6 60. Rb2+ Kc7 1/2-1/2

[Event "Valpovo op (Women)"]
[Site "Valpovo"]
[Date "2013.12.07"]
[Round "4"]
[White "Smetisko, Lucija"]
[Black "Krmpotic, Klara"]
[Result "1-0"]
[WhiteElo "1732"]
[BlackElo "1507"]
[PlyCount "73"]
[EventDate "2013.12.06"]
[EventType "swiss"]
[EventRounds "7"]
[EventCountry "CRO"]
[SourceTitle "CBM 157 Extra"]
[Source "ChessBase"]
[SourceDate "2013.12.19"]
[SourceVersion "1"]
[SourceVersionDate "2013.12.19"]
[SourceQuality "1"]

1. e4 g6 2. d4 Bg7 3. Nf3 d6 4. c3 Nf6 5. Bd3 0-0 6. 0-0 c6 7. h3 Qc7 8. Bf4 Re8 9. e5 Nd5 10. Bg3 dxe5 11. Nxe5 Qd8 12. Nd2 Nd7 13. Nef3 b5 14. Ne4 Bb7 15. Nfg5 Rc8 16. f4 h6 17. Nf3 a6 18. Nh2 c5 19. f5 g5 20. Qh5 N5f6 21. Qe2 Nxe4 22. Bxe4 Bxe4 23. Qxe4 Nf6 24. Qe2 cxd4 25. Rad1 Qd5 26. Rxd4 Qxa2 27. Be5 Rxc3 28. Rd2 Rcc8 29. Bxf6 Bxf6 30. Qh5 Bg7 31. Ng4 Kh7 32. f6 exf6 33. Nxf6+ Bxf6 34. Rxf6 Rc1+ 35. Kh2 Re6 36. Qxf7+ Kh8 37. Rd8+ 1-0

[Event "Topusko op 2nd"]
[Site "Topusko"]
[Date "2013.08.09"]
[Round "7"]
[White "Krmpotic, Klara"]
[Black "Hutzheimer, Alfred"]
[Result "0-1"]
[WhiteElo "1514"]
[BlackElo "2011"]
[PlyCount "46"]
[EventDate "2013.08.03"]
[EventType "swiss"]
[EventRounds "7"]
[EventCountry "CRO"]
[SourceTitle "CBM 155 Extra"]
[Source "ChessBase"]
[SourceDate "2013.08.26"]
[SourceVersion "1"]
[SourceVersionDate "2013.08.26"]
[SourceQuality "1"]

1. d4 d5 2. c4 c6 3. Nf3 Nf6 4. Nc3 Bf5 5. Bf4 e6 6. cxd5 exd5 7. a3 Bd6 8. Bxd6 Qxd6 9. e3 0-0 10. Bd3 Be4 11. 0-0 Re8 12. b4 Ng4 13. g3 Nd7 14. Bxe4 dxe4 15. Nh4 Ndf6 16. b5 Rac8 17. Qd2 g5 18. Ng2 Ne5 19. Qb2 Nf3+ 20. Kh1 Qd7 21. Ne1 Qh3 22. Nxf3 exf3 23. Rg1 Ng4 0-1

[Event "Topusko op 2nd"]
[Site "Topusko"]
[Date "2013.08.04"]
[Round "2"]
[White "Malesevic, Elvino"]
[Black "Krmpotic, Klara"]
[Result "1-0"]
[WhiteElo "1916"]
[BlackElo "1514"]
[PlyCount "69"]
[EventDate "2013.08.03"]
[EventType "swiss"]
[EventRounds "7"]
[EventCountry "CRO"]
[SourceTitle "CBM 155 Extra"]
[Source "ChessBase"]
[SourceDate "2013.08.26"]
[SourceVersion "1"]
[SourceVersionDate "2013.08.26"]
[SourceQuality "1"]

1. Nf3 Nf6 2. g3 g6 3. Bg2 Bg7 4. c4 d5 5. cxd5 Nxd5 6. 0-0 0-0 7. Nc3 c6 8. a3 Nd7 9. d4 N7b6 10. Qc2 e6 11. Rd1 Bd7 12. b3 Nxc3 13. Qxc3 Nd5 14. Qc2 Rc8 15. b4 a5 16. e4 Nf6 17. Ne5 axb4 18. axb4 Ra8 19. Bg5 Qe7 20. Qc5 Qxc5 21. bxc5 Rxa1 22. Rxa1 Bc8 23. Nc4 h6 24. Be3 Ng4 25. Ra8 Nxe3 26. fxe3 Bd7 27. Ra7 Rb8 28. Nd6 Bf8 29. Rxb7 Rxb7 30. Nxb7 Bc8 31. Na5 Bd7 32. e5 Kg7 33. Bxc6 Bc8 34. Bb7 Bxb7 35. Nxb7 1-0

[Event "CRO-ch U17 Girls"]
[Site "Vukovar"]
[Date "2013.07.25"]
[Round "5"]
[White "Krmpotic, Klara"]
[Black "Blazeka, Mihaela"]
[Result "1/2-1/2"]
[WhiteElo "1514"]
[BlackElo "1777"]
[PlyCount "67"]
[EventDate "2013.07.22"]
[EventType "swiss"]
[EventRounds "9"]
[EventCountry "CRO"]
[SourceTitle "EXT 2015"]
[Source "ChessBase"]
[SourceDate "2014.11.20"]
[SourceVersion "1"]
[SourceVersionDate "2014.11.20"]
[SourceQuality "1"]

1. d4 d5 2. c4 e6 3. Nc3 Nf6 4. cxd5 exd5 5. Bg5 Be7 6. Qc2 0-0 7. e3 b6 8. Bd3 h6 9. Bxf6 Bxf6 10. Nge2 Bb7 11. 0-0 Nc6 12. a3 Ne7 13. b4 Rc8 14. Rab1 c6 15. Rfc1 Qd7 16. Qb2 Rc7 17. Rc2 Nf5 18. Rbc1 Bg5 19. Bxf5 Qxf5 20. Nb5 Rd7 21. Nxa7 Rc7 22. Nxc6 Rfc8 23. b5 Qg6 24. Rc3 Bxc6 25. bxc6 Rxc6 26. Rxc6 Rxc6 27. Rxc6 Qxc6 28. g3 Be7 29. Qc3 Qc4 30. Qb2 Kh7 31. Nc3 g6 32. a4 Bf8 33. Qa1 Bb4 34. Nb5 1/2-1/2

[Event "CRO-ch U17 Girls"]
[Site "Vukovar"]
[Date "2013.07.24"]
[Round "4"]
[White "Batory, Lucija"]
[Black "Krmpotic, Klara"]
[Result "1-0"]
[WhiteElo "1564"]
[BlackElo "1514"]
[PlyCount "81"]
[EventDate "2013.07.22"]
[EventType "swiss"]
[EventRounds "9"]
[EventCountry "CRO"]
[SourceTitle "EXT 2015"]
[Source "ChessBase"]
[SourceDate "2014.11.20"]
[SourceVersion "1"]
[SourceVersionDate "2014.11.20"]
[SourceQuality "1"]

1. e4 g6 2. d4 Bg7 3. c3 d6 4. Nf3 Nf6 5. Bd3 0-0 6. 0-0 c6 7. h3 Qc7 8. Be3 e5 9. Nbd2 Nbd7 10. a4 a5 11. dxe5 dxe5 12. Qe2 Nh5 13. g3 Nb6 14. Kg2 Be6 15. Ng5 Bd7 16. Bc5 Rfe8 17. Nc4 Nc8 18. Nf3 h6 19. Rad1 b6 20. Be3 c5 21. Bc2 Be6 22. Na3 Nd6 23. Qd2 Nc4 24. Nxc4 Bxc4 25. Rfe1 Rad8 26. Qc1 g5 27. h4 f6 28. hxg5 hxg5 29. Rh1 Qf7 30. Rxd8 Rxd8 31. Nd2 Be6 32. Bd1 g4 33. Rh4 f5 34. exf5 Bxf5 35. Bb3 Be6 36. Bxe6 Qxe6 37. Rxh5 Re8 38. Qc2 Qc6+ 39. Kg1 b5 40. Qh7+ Kf7 41. Rf5+ 1-0